Popular CITV Programmes (British Children's TV) - Statistics

General Stats
  • This quiz has been taken 189 times
  • The average score is 6 of 15
Answer Stats
Hint Answer % Correct
Arts and crafts show, famously hosted by ‎Neil Buchanan Art Attack
84%
Aliens from outer space adopt children My Parents are Aliens
75%
Stories with two rag dolls who live on a canal narrowboat Rosie and Jim
69%
Stars a little yellow bear that knows magic Sooty
59%
Game show with challenges in the jungle Jungle Run
44%
Saturday morning show featuring Ant & Dec, with Cat Deeley SM:TV Live
39%
Features a young boy who can stop time Bernard's Watch
38%
Two teams compete and take part in messy games with an obstacle course Fun House
34%
Animated series of a popular British character and his teddy bear sidekick Mr. Bean
34%
Educational show looking at how things work How 2
28%
Follows the staff and patients of a children's hospital Children's Ward
27%
Two teams raid house rooms to find hidden objects Finders Keepers
27%
Special effects game show where contestants explore a fantasy medieval world Knightmare
27%
A comic book brought to life ZZZap!
23%
Saturday morning show hosted by Holly Willoughby & Stephen Mulhern Ministry of Mayhem / Holly & Stephen's Saturday Showdown
7%
No matching quizzes found
Score Distribution
Percent of People with Each Score
Percentile by Number Answered
Your Score History
You have not taken this quiz